000 01405nam a2200349 i 4500
001 28806
003 Mx-PuUPA
005 20260324150604.0
008 140415s2021 sp gr 001 0 spa d
020 _a9788431336714
040 _cMx-PuUPA
_aMx-PuUPA
_bspa
_dMx-PuUPA
_erda
041 0 _aspa
100 1 _aSellés Dauder, Juan Fernando,
_eautor
_914606
245 1 0 _aHistoria de la filosofía antigua /
_cJuan Fernando Sellés, José Manuel Fidalgo
264 1 _aPamplona, España ;
_bEdiciones Universidad de Navarra,
_c©2021
300 _a167 páginas :
_c24 cm
336 _2rdacontent
_atexto
_btxt
337 _2rdamedia
_asin medio
_bn
338 _2rdacarrier
_avolumen
_bnc
490 _aManuales ISCR ;
_v32
650 7 _2armarc
_aFilosofía antigua
_xHistoria
_yTratados, manuales, etc.
650 7 _2armarc
_aFilosofía griega
650 7 _2armarc
_aHelenismo
_xFilosofía
650 7 _2armarc
_aNeoplatonismo
650 7 _2armarc
_aPresocrático
700 1 _aFidalgo, José Manuel,
_eautor
942 _2ddc
_cLI
_h180
_iS46
999 _c28806
_d28806